MARC details
| 000 -LEADER |
| fixed length control field |
01518cas a2200445 i 4500 |
| 001 - CONTROL NUMBER |
| control field |
200445243 |
| 003 - CONTROL NUMBER IDENTIFIER |
| control field |
TR-AnTOB |
| 005 - DATE AND TIME OF LATEST TRANSACTION |
| control field |
20251230105357.0 |
| 007 - PHYSICAL DESCRIPTION FIXED FIELD--GENERAL INFORMATION |
| fixed length control field |
ta |
| 008 - FIXED-LENGTH DATA ELEMENTS--GENERAL INFORMATION |
| fixed length control field |
040302u1999uuuutu ar s 0 0tur c |
| 010 ## - LIBRARY OF CONGRESS CONTROL NUMBER |
| LC control number |
99502815 |
| 022 ## - INTERNATIONAL STANDARD SERIAL NUMBER |
| International Standard Serial Number |
1302-2946 |
| ISSN-L |
1302-2946 |
| 035 ## - SYSTEM CONTROL NUMBER |
| System control number |
(OCoLC)ocm54511020 |
|
| System control number |
(TR-AnTOB)200445243 |
| 037 ## - SOURCE OF ACQUISITION |
| Stock number |
14099 |
| Terms of availability |
TVG |
| 040 ## - CATALOGING SOURCE |
| Original cataloging agency |
TVG |
| Language of cataloging |
eng |
| Description conventions |
rda |
| Transcribing agency |
TVG |
| Modifying agency |
OCLCQ |
| -- |
DLC |
| -- |
OCLCQ |
| -- |
OCLCF |
| -- |
TVG |
| -- |
TR-AnTOB |
| 041 0# - LANGUAGE CODE |
| Language code of text/sound track or separate title |
Türkçe |
| 043 ## - GEOGRAPHIC AREA CODE |
| Geographic area code |
a-tu--- |
| 050 00 - LIBRARY OF CONGRESS CALL NUMBER |
| Classification number |
HC491 |
| Item number |
.Y548 |
| 090 ## - LOCALLY ASSIGNED LC-TYPE CALL NUMBER (OCLC); LOCAL CALL NUMBER (RLIN) |
| Classification number (OCLC) (R) ; Classification number, CALL (RLIN) (NR) |
HC491 |
| Local cutter number (OCLC) ; Book number/undivided call number, CALL (RLIN) |
.Y548 |
| 222 #0 - KEY TITLE |
| Key title |
Yılı sektörler itibariyle ankete dayalı ekonomik durum analizi. |
| 245 00 - TITLE STATEMENT |
| Title |
Yılı sektörler itibariyle ankete dayalı ekonomik durum analizi. |
| 246 30 - VARYING FORM OF TITLE |
| Title proper/short title |
Sektörler itibariyle ankete dayalı ekonomik durum analizi |
| 264 #1 - PRODUCTION, PUBLICATION, DISTRIBUTION, MANUFACTURE, AND COPYRIGHT NOTICE |
| Place of production, publication, distribution, manufacture |
İstanbul : |
| Name of producer, publisher, distributor, manufacturer |
İstanbul Ticaret Odası, |
| Date of production, publication, distribution, manufacture, or copyright notice |
1999- |
| 300 ## - PHYSICAL DESCRIPTION |
| Extent |
volumes : |
| Other physical details |
color illustrations ; |
| Dimensions |
30 cm |
| 310 ## - CURRENT PUBLICATION FREQUENCY |
| Current publication frequency |
Annual |
| 336 ## - CONTENT TYPE |
| Content type term |
text |
| Content type code |
txt |
| Source |
rdacontent |
| 337 ## - MEDIA TYPE |
| Media type term |
unmediated |
| Media type code |
n |
| Source |
rdamedia |
| 338 ## - CARRIER TYPE |
| Carrier type term |
volume |
| Carrier type code |
nc |
| Source |
rdacarrier |
| 362 1# - DATES OF PUBLICATION AND/OR SEQUENTIAL DESIGNATION |
| Dates of publication and/or sequential designation |
Began in 1999. |
| 490 0# - SERIES STATEMENT |
| Series statement |
Yayın / İstanbul Ticaret Odası |
| 588 ## - SOURCE OF DESCRIPTION NOTE |
| Source of description note |
Description based on: 2000. |
| 651 #7 - SUBJECT ADDED ENTRY--GEOGRAPHIC NAME |
| Geographic name |
Türkiye |
| General subdivision |
Ekonomik durum |
| Form subdivision |
İstatistikler |
| -- |
Süreli yayınlar |
| Source of heading or term |
etuturkob |
| 9 (RLIN) |
33759 |
| 655 #7 - INDEX TERM--GENRE/FORM |
| Genre/form data or focus term |
Periodicals |
| Source of term |
lcgft |
| Authority record control number |
(OCoLC)fst01411641 |
| 9 (RLIN) |
119590 |
|
| Genre/form data or focus term |
Statistics |
| Source of term |
lcgft |
| Authority record control number |
(OCoLC)fst01423727 |
| 9 (RLIN) |
117237 |
| 710 2# - ADDED ENTRY--CORPORATE NAME |
| Corporate name or jurisdiction name as entry element |
İstanbul Ticaret Odası |
| 9 (RLIN) |
19571 |
| 942 ## - ADDED ENTRY ELEMENTS (KOHA) |
| Source of classification or shelving scheme |
Library of Congress Classification |
| Koha item type |
Book |